| 000 | 01002nas a2200301 4500 | ||
|---|---|---|---|
| 001 | BR2013005894 | ||
| 003 | BR-BrBNA | ||
| 005 | 20231205122745.0 | ||
| 007 | ta | ||
| 008 | 230509b bl.|||p| |||| 00| 00por d | ||
| 040 |
_aBR-BrBNA _bpor _cBiblioteca Nacional de Agricultura |
||
| 041 | _a(Pt) | ||
| 072 | _aN20; P06 | ||
| 100 | 1 | _aReis, E.F. dos | |
| 100 | 1 | _aCunha, J.P.B. | |
| 100 | 1 | _aMateus, D.L.S. | |
| 100 | 1 | _aDelmond, J.G. | |
| 100 | 1 | _aCouto, R.F. | |
| 245 | 1 | _aDesempenho e emissões de um motor-gerador ciclo diesel sob diferentes concentrações de biodiesel de soja | |
| 650 | _aMOTOR DIESEL | ||
| 650 | _aPERFORMANCE | ||
| 650 | _aBIOCOMBUSTÍVEL | ||
| 650 | _aDESENVOLVIMENTO SUSTENTÁVEL | ||
| 773 | 0 |
_tRevista Brasileira de Engenharia Agrícola e Ambiental (Brazil) _xISSN 1807-1929 _g(May 2013), v. 17(5) p. 565-571 _wBR2013005894 |
|
| 856 | 4 | 0 | _uhttp://www.scielo.br/pdf/rbeaa/v17n5/a15v17n5.pdf |
| 909 |
_a202311 _bLúcia _c55 _dLúcia Elande |
||
| 942 |
_2AGRIS _n0 _cANA |
||
| 999 |
_c230387 _d230387 |
||